Matières recyclables - Statistiques

Statistiques générales
  • Ce quiz a été pris 60 fois
  • Le résultat moyen est 4 sur 5
Statistiques - réponses
Réponse % Correct
plastique
96%
carton
86%
verre
72%
papier
68%
métal
50%
Aucun quiz correspondant
Distribution des résultats
% des personnes avec chaque résultat
Percentile par nombre de réponses
Votre historique - résultats
Vous n’avez pas pris ce quiz